Представление документа в формате RUSMARC

ПолеНазваниеЗначение
  Тип записи a
  Библиографический уровень m
001 Контрольный номер 6b5ed8f1b1f14d4ca81e10ce38c72a80
005 Дата корректировки 20210402130827.3
101 Язык документа 0_
a Язык текста rus
102 Страна публикации __
a Страна публикации RU
200 Заглавие и сведения об ответственности 1_
a Заглавие Разработка научно-практической модели выявления и идентификации ткане- и видоспецифичных веществ белковой природы в мясной продукции: Автореф.дис. ...докт.техн.наук 05.18.04, 05.18.07
f Первые сведения об ответственности Н. Л. Вострякова
210 Выходные данные 1_
a Место издания Москва
d Дата издания 2019
215 Физическое описание __
a Объем 45 с.
610 Ключевые слова 0_
a Ключевые слова веществ белковой природы
a Ключевые слова мясная продукция
686 Индексы других классификаций __
a Классификационный индекс 30.609
2 Код системы rubbk
700 Автор _1
a Фамилия Вострякова
b Имя Н. Л.
g Полное личное имя Наталья Леонидовна
801 Источник записи _0
a Страна RU
b Организация РУК
c Дата составления 20210402
g Правила каталогизации PSBO
801 Источник записи _1
a Страна RU
b Организация РУК
g Правила каталогизации PSBO
852 Данные о местонахождении __
i Авторский знак В 76
j Шифр хранения 30.609
j Шифр хранения А
901 Тип документа __
t Тип документа m
937 Технологическая информация __
a Создатель записи (имя) Мясникова
938 Служебная информация __
a Название организации Головной вуз
952 Тип литературы __
c Вид литературы автореферат